000 00269nam a2200109Ia 4500
001 1265131
005 20260417142018.0
008 260417s9999 xx 000 0 und d
020 _a9786051850641
245 0 _aİstanbullu
_cBuket Uzuner
260 _bEverest Yayınları
999 _c1265131
_d1265131